Computational analysis with the HP 25 pocket calculator /
Guardado en:
| Autor Principal: | |
|---|---|
| Formato: | Libro |
| Idioma: | English |
| Publicado: |
New York :
Wiley,
c1977.
|
| Materias: | |
| Etiquetas: |
Agregar Etiqueta
Sin Etiquetas, Sea el primero en etiquetar este registro!
|
| LEADER | 00812cam a2200253 a 4500 | ||
|---|---|---|---|
| 001 | MAT.inmabb005890 | ||
| 008 | 770203s1977####nyua##########001#0#eng## | ||
| 005 | 20170503152831.0 | ||
| 245 | 1 | 0 | |a Computational analysis with the HP 25 pocket calculator / |c Peter Henrici. |
| 260 | |a New York : |b Wiley, |c c1977. | ||
| 300 | |a xi, 280 p. : |b il. ; |c 23 cm. | ||
| 500 | |a "A Wiley-Interscience publication." | ||
| 500 | |a Incluye índice. | ||
| 510 | 4 | |a MR, |c *REVIEW #* | |
| 020 | |a 0471029386 | ||
| 100 | 1 | |a Henrici, Peter, |d 1923- | |
| 740 | |a HP 25 pocket calculator. | ||
| 650 | 0 | |a Numerical analysis |x Data processing. | |
| 650 | 0 | |a Number theory |x Data processing. | |
| 650 | 0 | |a HP25 (Calculator) | |
| 084 | |a *CODIGO* |2 MR | ||
| 010 | |a 77001182 | ||
| 040 | |a DLC |c DLC |d DLC | ||
| 859 | |h 65 |i H518c |p A-4560 |b BIB. MATEMATICA | ||
